Greek Mythology Quiz - Statistics

General Stats
  • This quiz has been taken 717 times
  • The average score is 13 of 15
Answer Stats
Mythological Being Answer % Correct
God Of Thunder, King of the Gods Zeus
99%
God of the Underworld Hades
98%
God of the Ocean Poseidon
97%
Goddess of Beauty Aphrodite
96%
God of War Ares
96%
Goddess of Marriage, Queen of the Gods Hera
96%
Goddess of Wisdom Athena
95%
Goddess of Hunting and Archery Artemis
91%
God of Wine Dionysus
89%
Goddess of Harvest Demeter
87%
God of Forgery and Fire Hephaestus
83%
Goddess of the Hearth Hestia
80%
Goddess of Spring Persephone
72%
Titan Father of the Original Six Kronos
71%
Titan of the Rainbow Iris
67%
No matching quizzes found
Score Distribution
Percent of People with Each Score
Percentile by Number Answered
Your Score History
You have not taken this quiz